| 000 | 01012cam a2200289 4500 | ||
|---|---|---|---|
| 001 | E11325 | ||
| 008 | 021120n2003 000 0 eng u | ||
| 035 | _a(Sirsi) u124328 | ||
| 041 | _aeng. | ||
| 050 |
_a711.552 _c18 |
||
| 110 |
_aEstates Gazette _9298 |
||
| 245 | _aCentre retailing 2003-2004 | ||
| 250 | _a17th ed. | ||
| 260 |
_bEstates Gazette _c2003 |
||
| 300 |
_a276p. _c31cm. |
||
| 520 | _aA useful reference source for retail schemes and projects. Includes listings for 39 UK shopping centres and 45 centres in Europe, Australia, the Middle East and Africa. Also contains editorial information on the issues affecting the retail property business. | ||
| 650 | _aSHOPPING CENTRES | ||
| 650 | _aRETAIL SCHEMES | ||
| 650 | _aEUROPE | ||
| 650 | _aAUSTRALIA | ||
| 650 | _aMIDDLE EAST | ||
| 650 | _aAFRICA | ||
| 690 | _aPROPERTY-COMMERCIAL PROPERTY-RETAIL PROPERTY | ||
| 710 |
_aBritish Council of Shopping Centres _91982 |
||
| 856 | _uhttps://www.egi.co.uk/centreretailing | ||
| 942 | _n0 | ||
| 999 |
_c103203 _d103203 |
||